000 01261cam a22003614a 4500
001 6437
003 FISKH
005 20250513105523.0
008 001101s2001 maua b 001 0 eng
010 _a 00052326
020 _a0763615498 (alk. paper)
020 _a9780439429832
040 _aDLC
_cDLC
_dDLC
_beng
050 _aQL666.C536 D38
082 _a597.928
100 1 _aDavies, Nicola,
_d1958-
245 1 0 _aOne tiny turtle /
_cNicola Davies ; illustrated by Jane Chapman.
250 _aFirst Scholastic printing, April 2003
260 _aNew York :
_bScholastic,
_c2001.
300 _a29 pages :
_bcolor illustrations ;
_c26 cm
500 _aIncludes index.
505 _aP
520 _aThe story of a tiny sea turtle who swims out to sea, then returns after a few years to the beach where she was born to lay her eggs before returning to the sea. Includes many facts about sea turtles.
521 8 _a650
_bLexile AD
521 8 _aP
_bRaz-Plus
650 0 _aLoggerhead turtle
_vJuvenile literature.
650 1 _aLoggerhead sea turtles.
650 1 _aSea turtles.
700 1 _aChapman, Jane,
_d1970-
_eillustrator
906 _a7
_bcbc
_corignew
_d1
_eocip
_f20
_gy-gencatlg
942 _2ddc
_cBK
_n0
999 _c6437
_d6437